000 00759nam a22002177a 4500
005 20240401165119.0
010 _aHIN-127137
020 _a9789355434203
_c250.00
035 _aHN-99483
037 _bDBAD/PUB.
082 _a920
100 _aकोठरी,दीपक
_964113
245 _aशून्य से गगन;संघर्ष की एक बेमिसाल गाथा/
_cदीपक कोठरी
250 _a1
260 _aBhopal
_bManjul publishing house
_c2023
270 _a2nd floor usha preet complex 42 malviya nagar
_bBhopal
_e462003
300 _a213 पृ;
_c22 सेमी (अजिल्द)
700 _963915
710 _964107
942 _adpl
_cHN
_2ddc
_h158.1
_mकोठरी
999 _c201861
_d201861